Prezydenci Warszawy - Statystyki

Ogólne statystyki
  • Ten quiz został rozwiązany 1 356 razy
  • Średni wynik to 6 z 51
Statystyki odpowiedzi
Lata sprawowania urzędu Imię i nazwisko % Poprawnych
2018 - obecnie Rafał Trzaskowski
99%
2002 - 2005 Lech Kaczyński
74%
2006 - 2018 Hanna Gronkiewicz-Waltz
73%
1934 - 1939 Stefan Starzyński
34%
2006 Kazimierz Marcinkiewicz
24%
1999 - 2002 Paweł Piskorski
19%
1875 - 1892 Sokrat Starynkiewicz
14%
1994 - 1999 Marcin Święcicki
12%
1909 - 1915 Aleksander Miller
11%
1794 Ignacy Wyssogota Zakrzewski
8%
1792 Ignacy Wyssogota Zakrzewski
8%
1939 - 1944 Julian Kulski
8%
1994 Mieczysław Bareja
8%
2006 Mirosław Kochalski
8%
2002 Wojciech Kozak
8%
1916 - 1917 Zdzisław Lubomirski
8%
1793 - 1794 Andrzej Rafałowicz
7%
1794 - 1796 Andrzej Rafałowicz/Józef Michał Łukasiewicz
7%
1960 - 1967 Janusz Zarzycki
7%
1956 Janusz Zarzycki
7%
1986 - 1990 Jerzy Bolesławski
7%
1967 - 1982 Jerzy Majewski
7%
1792 - 1793 Józef Michał Łukasiewicz
7%
1863 - 1875 Kalikst Witkowski
7%
1816 - 1830 Karol Fryderyk Woyda
7%
1862 Kazimierz Woyda
7%
1944 - 1945 Marian Spychalski
7%
1982 - 1986 Mieczysław Dębicki
7%
1921 - 1922 Stanisław Nowodworski
7%
1945 - 1950 Stanisław Tołwiński
7%
1990 - 1994 Stanisław Wyganowski
7%
1922 - 1927 Władysław Jabłoński
7%
1927 - 1934 Zygmunt Słomiński
7%
1837 - 1847 Aleksander Graybner
6%
1796 - 1799 Franz Schimmelpfennig von der Oye
6%
1799 - 1806 Friedrich Georg Tilly
6%
1831 - 1837 Jakub Ignacy Łaszczyński
6%
1950 - 1956 Jerzy Albrecht
6%
1807 Joachim Moszyński
6%
1940 - 1944 Ludwig Leist
6%
1944 Marceli Porowski
6%
1934 Marian Zyndram-Kościałkowski
6%
1892 - 1906 Mikołaj Bibikow
6%
1807 Paweł Bieliński
6%
1917 - 1921 Piotr Drzewiecki
6%
1830 - 1831 Stanisław Węgrzecki
6%
1807 - 1815 Stanisław Węgrzecki
6%
1847 - 1862 Teodor Andrault de Langeron
6%
1906 - 1909 Wiktor Litwiński
6%
1956 - 1960 Zygmunt Dworakowski
6%
1862 - 1863 Zygmunt Wielopolski
6%
Nie znaleziono quizów pasujących do podanych kryteriów
Rozkład punktacji
Procent ludzi z każdym wynikiem
Percentyl według liczby udzielonych odpowiedzi
Twoja historia wyników
Nie rozwiązałeś tego quizu